MARC details
| 000 -LEADER |
| fixed length control field |
00991cam a22003734a 4500 |
| 001 - CONTROL NUMBER |
| control field |
|
| 003 - CONTROL NUMBER IDENTIFIER |
| control field |
OSt |
| 005 - DATE AND TIME OF LATEST TRANSACTION |
| control field |
20220107122801.0 |
| 008 - FIXED-LENGTH DATA ELEMENTS--GENERAL INFORMATION |
| fixed length control field |
101122s2011 enka b 001 0 eng |
| 010 ## - LIBRARY OF CONGRESS CONTROL NUMBER |
| LC control number |
|
| 020 ## - INTERNATIONAL STANDARD BOOK NUMBER |
| International Standard Book Number |
9781107447356 |
| 020 ## - INTERNATIONAL STANDARD BOOK NUMBER |
| International Standard Book Number |
|
| 035 ## - SYSTEM CONTROL NUMBER |
| System control number |
|
| 040 ## - CATALOGING SOURCE |
| Original cataloging agency |
|
| Transcribing agency |
IIITMK |
| 042 ## - AUTHENTICATION CODE |
| Authentication code |
|
| 050 00 - LIBRARY OF CONGRESS CALL NUMBER |
| Item number |
|
| 082 00 - DEWEY DECIMAL CLASSIFICATION NUMBER |
| Classification number |
003.3 GOM/S |
| Edition number |
|
| 100 1# - MAIN ENTRY--PERSONAL NAME |
| Personal name |
Gomaa, Hassan. |
| 9 (RLIN) |
7083 |
| 245 10 - TITLE STATEMENT |
| Title |
Software modeling and design: |
| Remainder of title |
UML, use cases, patterns, and software architectures |
| Statement of responsibility, etc. |
Hassan Gomaa. |
| 260 ## - PUBLICATION, DISTRIBUTION, ETC. |
| Place of publication, distribution, etc. |
Delhi, |
| Name of publisher, distributor, etc. |
Cambridge University Press, |
| Date of publication, distribution, etc. |
2011. |
| 300 ## - PHYSICAL DESCRIPTION |
| Extent |
xxv, 550 p. |
| Other physical details |
|
| Dimensions |
|
| 504 ## - BIBLIOGRAPHY, ETC. NOTE |
| Bibliography, etc. note |
Includes bibliographical references and index. |
| 520 ## - SUMMARY, ETC. |
| Summary, etc. |
|
| 520 ## - SUMMARY, ETC. |
| Summary, etc. |
|
| 650 #0 - SUBJECT ADDED ENTRY--TOPICAL TERM |
| Topical term or geographic name entry element |
COMPUTER SOFTWARE |
| General subdivision |
|
| 9 (RLIN) |
7084 |
| 650 #0 - SUBJECT ADDED ENTRY--TOPICAL TERM |
| Topical term or geographic name entry element |
SOFTWARE ARCHITECTURE |
| 9 (RLIN) |
7085 |
| 650 #0 - SUBJECT ADDED ENTRY--TOPICAL TERM |
| Topical term or geographic name entry element |
COMPUTER SIMULATION |
| 9 (RLIN) |
7086 |
| 650 #0 - SUBJECT ADDED ENTRY--TOPICAL TERM |
| Topical term or geographic name entry element |
SOFTWARE MODELING |
| 9 (RLIN) |
7087 |
| 650 #0 - SUBJECT ADDED ENTRY--TOPICAL TERM |
| Topical term or geographic name entry element |
SOFTWARE DESIGN |
| 9 (RLIN) |
7088 |
| 650 #0 - SUBJECT ADDED ENTRY--TOPICAL TERM |
| Topical term or geographic name entry element |
UML |
| 9 (RLIN) |
7089 |
| 856 42 - ELECTRONIC LOCATION AND ACCESS |
| Materials specified |
|
| Uniform Resource Identifier |
<a href=" "> </a> |
| 942 ## - ADDED ENTRY ELEMENTS (KOHA) |
| Source of classification or shelving scheme |
Dewey Decimal Classification |
| Koha item type |
Books |